000 00872nam a2200289 a 4500
001 C01145774c-1
003 CO-ViMGA
005 20230915233143.0
008 110520s2007 ck a gr 00110 spa d
015 _ack-2007-xxxx
020 _a9789589076224
040 _aCO-ViMGA
_bspa
_cCO-ViMGA
041 0 _aspa
082 0 4 _a616.2
_bN38
_219
245 0 0 _aNeumología /
_cHernán Vélez ... [et al.].
250 _a6a. ed.
260 _aMedellín :
_bCorporación para Investigaciones Biológicas,
_c2007.
300 _axxii, 765 p. :
_bil. ;
_c23 cm.
490 0 _aFundamentos de medicina
504 _aIncluye bibliografías e índice.
650 1 4 _aEnfermedades de los pulmones.
_95289
650 1 4 _aEnfermedades respiratorias.
_95305
650 1 4 _aNeumología.
_95306
700 1 _aVelez A., Hernán.
_94752
942 _2ddc
_cBK
949 _ac
_bn
999 _c35949
_d35949